Nature of the environment (Record no. 114226)

MARC details
000 -LEADER
fixed length control field 00374nam a2200157Ia 4500
008 - FIXED-LENGTH DATA ELEMENTS--GENERAL INFORMATION
fixed length control field 230917s9999||||xx |||||||||||||| ||und||
040 ## - CATALOGING SOURCE
-- 95539
Original cataloging agency VIVEKANANDA LIBRARY
041 ## - Language
-- English
082 ## - DDC NUMBER
Classification number 910.02 G723N
100 ## - MAIN ENTRY--PERSONAL NAME
Personal name Goudie, Andrew
245 #0 - TITLE STATEMENT
Title Nature of the environment
250 ## - EDITION STATEMENT
Edition statement 4rd ed.
260 ## - PUBLICATION, DISTRIBUTION, ETC. (IMPRINT)
Place of publication, distribution, etc Oxford
Name of publisher, distributor, etc Blackwell
Date of publication, distribution, etc 2000
300 ## - PHYSICAL DESCRIPTION
Pages xv, 544 p.
942 ## - ADDED ENTRY ELEMENTS (KOHA)
Koha item type Books
Holdings
Withdrawn status Lost status Damaged status Not for loan Location (home branch) Sublocation or collection (holding branch) Date acquired Koha issues (times borrowed) Koha full call number Accession No. Koha date last seen Koha item type
        VIVEKANANDA LIBRARY VIVEKANANDA LIBRARY 14/07/2003   910.02 G723N 203636 17/09/2023 Books
© Designed and Maintained by Vivekananda Library, MDU Rohtak